000 01076nam a2200325 a 4500
999 _c1906
_d1906
001 1906
003 BD-JhCC
005 20220616134022.0
008 080925s2008 nyua a 001 0 eng
020 _a158542689X (pbk.)
020 _a9781585426898 (pbk.)
035 _a(BD-JhCC)1906
035 _a(OCoLC)ocn230208806
040 _aDLC
_cDLC
_dYDX
_dBTCTA
_dBAKER
_dYDXCP
_dBKL
_dDLC
041 _aeng
050 0 0 _aHF5386
_b.H55 2008
082 0 0 _a650.1
_222
_bHIL 2008
100 1 _aHill, Napoleon,
_d1883-1970.
245 1 4 _aThe law of success /
_cNapoleon Hill.
260 _aNew York :
_bJeremy P. Tarcher/Penguin,
_c[2008]
300 _axxii, 612 p. :
_bill. ;
_c24 cm.
500 _a"Napoleon Hill's The Law of Success was originally published as an eight-volume set in 1928."--T.p. verso.
500 _aIncludes index.
650 0 _aSuccess in business.
650 0 _aSuccess.
650 0 _aMotivation (Psychology)
856 4 2 _3Publisher description
_uhttp://www.loc.gov/catdir/enhancements/fy0906/2008042052-d.html
942 _2ddc
_cBK
_02